[Event "GER CM03-C email"]
[Site "GER email"]
[Date "2016.06.26"]
[Round "?"]
[White "Bekemann, Uwe"]
[Black "Achatz, Kirstin"]
[Result "1/2-1/2"]
[WhiteElo "2297"]
[BlackElo "2316"]
[PlyCount "51"]
[EventDate "2016.??.??"]
[EventType "tourn (corr)"]
[EventRounds "13"]
[EventCountry "GER"]
[SourceTitle "Corr 2017"]
[Source "ChessBase"]
[SourceDate "2017.09.19"]
[SourceVersion "1"]
[SourceVersionDate "2017.09.19"]
[SourceQuality "1"]

1. d4 f5 2. g3 Nf6 3. Nf3 g6 4. Bg2 Bg7 5. 0-0 0-0 6. b3 Ne4 7. Bb2 c5 8. c4 Nc6 9. e3 e6 10. Qe2 d6 11. Rd1 Qe7 12. Ne1 e5 13. dxe5 dxe5 14. Nd3 Be6 15. Nd2 Nxd2 16. Qxd2 e4 17. Bxg7 Kxg7 18. Qc3+ Kh6 19. Nf4 Bf7 20. Rd2 Qe5 21. Ne2 Rad8 22. Rad1 Rxd2 23. Rxd2 Qxc3 24. Nxc3 Ne5 25. Rd6 Kg7 26. h3 1/2-1/2

[Event "GER CM03-C email"]
[Site "GER email"]
[Date "2016.06.26"]
[Round "?"]
[White "Bekemann, Uwe"]
[Black "De Carlos Arregui, Inigo"]
[Result "1/2-1/2"]
[WhiteElo "2297"]
[BlackElo "2370"]
[PlyCount "53"]
[EventDate "2016.??.??"]
[EventType "tourn (corr)"]
[EventRounds "13"]
[EventCountry "GER"]
[SourceTitle "Corr 2017"]
[Source "ChessBase"]
[SourceDate "2017.09.19"]
[SourceVersion "1"]
[SourceVersionDate "2017.09.19"]
[SourceQuality "1"]

1. d4 d5 2. c4 c6 3. Nf3 Nf6 4. Nc3 a6 5. a4 e6 6. Bg5 h6 7. Bxf6 Qxf6 8. e3 Nd7 9. a5 Bd6 10. Bd3 0-0 11. 0-0 Qe7 12. Qc2 dxc4 13. Bxc4 Nf6 14. Na4 Nd7 15. Rfd1 e5 16. Nc3 exd4 17. exd4 Nf6 18. Re1 Qc7 19. Ne5 Bd7 20. Nxd7 Qxd7 21. Ne4 Nxe4 22. Rxe4 Rad8 23. Qc3 Be7 24. Rd1 Bf6 25. b4 Rfe8 26. Rf4 Qe7 27. g3 1/2-1/2

[Event "GER CM03-C email"]
[Site "GER email"]
[Date "2016.06.26"]
[Round "?"]
[White "Langer, Raimund"]
[Black "Bekemann, Uwe"]
[Result "1/2-1/2"]
[WhiteElo "2376"]
[BlackElo "2297"]
[PlyCount "71"]
[EventDate "2016.??.??"]
[EventType "tourn (corr)"]
[EventRounds "13"]
[EventCountry "GER"]
[SourceTitle "Corr 2017"]
[Source "ChessBase"]
[SourceDate "2017.09.19"]
[SourceVersion "1"]
[SourceVersionDate "2017.09.19"]
[SourceQuality "1"]

1. d4 Nf6 2. c4 e6 3. Nc3 Bb4 4. e3 0-0 5. Bd3 d5 6. Nf3 c5 7. 0-0 cxd4 8. exd4 dxc4 9. Bxc4 b6 10. Bg5 Bb7 11. Qe2 Bxc3 12. bxc3 Nbd7 13. Ne5 Rc8 14. Rac1 Qc7 15. Nxd7 Nxd7 16. Bd3 h6 17. Bh4 e5 18. Qb2 Rfe8 19. Bg3 Qc6 20. f3 Qf6 21. Bb5 Red8 22. Bxd7 Rxd7 23. Bxe5 Qc6 24. Rfe1 Ba6 25. h3 Bc4 26. a3 Re8 27. Bg3 Rde7 28. Rxe7 Rxe7 29. Re1 Rxe1+ 30. Bxe1 b5 31. Bg3 Qe6 32. Kh2 a6 33. Qc2 f6 34. Qb1 Bb3 35. Qd3 Bc4 36. Qe4 1/2-1/2

[Event "GER CM02-C email"]
[Site "GER email"]
[Date "2015.06.25"]
[Round "?"]
[White "Bekemann, Uwe"]
[Black "Paulik, Vaclav"]
[Result "1/2-1/2"]
[WhiteElo "2289"]
[BlackElo "2372"]
[PlyCount "55"]
[EventDate "2015.??.??"]
[EventType "tourn (corr)"]
[EventRounds "11"]
[EventCountry "GER"]
[SourceTitle "Corr 2017"]
[Source "ChessBase"]
[SourceDate "2017.09.19"]
[SourceVersion "1"]
[SourceVersionDate "2017.09.19"]
[SourceQuality "1"]

1. e4 e5 2. Nf3 Nc6 3. Bb5 Nf6 4. 0-0 Be7 5. Re1 d6 6. d4 exd4 7. Nxd4 Bd7 8. Nc3 0-0 9. Bxc6 bxc6 10. Qf3 Re8 11. e5 dxe5 12. Nxc6 Bxc6 13. Qxc6 Qd6 14. Qf3 h6 15. b3 Qe6 16. Nb5 Qb6 17. Qe2 Rad8 18. Be3 Bc5 19. Nc3 Bd4 20. Na4 Qc6 21. Bxd4 Rxd4 22. c4 Qd6 23. Nc3 c6 24. h3 g6 25. Qc2 a5 26. Rad1 Rd8 27. Qe2 Kh7 28. Rc1 1/2-1/2

[Event "GER CM02-C email"]
[Site "GER email"]
[Date "2015.06.25"]
[Round "?"]
[White "Bekemann, Uwe"]
[Black "Zielinski, Sergej"]
[Result "1/2-1/2"]
[WhiteElo "2289"]
[BlackElo "2306"]
[PlyCount "60"]
[EventDate "2015.??.??"]
[EventType "tourn (corr)"]
[EventRounds "11"]
[EventCountry "GER"]
[SourceTitle "Corr 2017"]
[Source "ChessBase"]
[SourceDate "2017.09.19"]
[SourceVersion "1"]
[SourceVersionDate "2017.09.19"]
[SourceQuality "1"]

1. e4 e5 2. Nf3 Nc6 3. Bb5 a6 4. Ba4 Nf6 5. 0-0 Be7 6. Re1 b5 7. Bb3 d6 8. c3 0-0 9. h3 Na5 10. Bc2 c5 11. d4 Qc7 12. Nbd2 cxd4 13. cxd4 Nc6 14. Nb3 a5 15. Be3 a4 16. Nbd2 Bd7 17. Rc1 Qb7 18. Nf1 Rfc8 19. Ng3 Bd8 20. Qe2 g6 21. Bd3 Bb6 22. Bxb5 Nxd4 23. Nxd4 Rxc1 24. Rxc1 Bxd4 25. Bxd7 Nxd7 26. Bxd4 exd4 27. Rd1 a3 28. b3 Nc5 29. Rxd4 Nxb3 30. Rd1 Nc5 1/2-1/2

[Event "GER CM02-C email"]
[Site "GER email"]
[Date "2015.06.25"]
[Round "?"]
[White "Boehnke, Hartmut"]
[Black "Bekemann, Uwe"]
[Result "1/2-1/2"]
[WhiteElo "2271"]
[BlackElo "2289"]
[PlyCount "52"]
[EventDate "2015.??.??"]
[EventType "tourn (corr)"]
[EventRounds "11"]
[EventCountry "GER"]
[SourceTitle "Corr 2017"]
[Source "ChessBase"]
[SourceDate "2017.09.19"]
[SourceVersion "1"]
[SourceVersionDate "2017.09.19"]
[SourceQuality "1"]

1. e4 c5 2. Nf3 Nc6 3. d4 cxd4 4. Nxd4 Nf6 5. Nc3 e5 6. Ndb5 d6 7. Bg5 a6 8. Na3 b5 9. Bxf6 gxf6 10. Nd5 f5 11. c3 Bg7 12. exf5 Bxf5 13. Nc2 Be6 14. g3 0-0 15. Bg2 a5 16. 0-0 f5 17. Qe2 Rb8 18. Rfd1 Kh8 19. Na3 Na7 20. Rd2 b4 21. Nc4 bxc3 22. Nxc3 Bh6 23. Rdd1 Bxc4 24. Qxc4 Rxb2 25. Qe6 Bg7 26. Rxd6 Qc8 1/2-1/2

[Event "GER MS-208 email"]
[Site "GER email"]
[Date "2014.12.10"]
[Round "?"]
[White "Bekemann, Uwe"]
[Black "Hebel, Erich"]
[Result "1/2-1/2"]
[WhiteElo "2038"]
[BlackElo "1979"]
[PlyCount "67"]
[EventDate "2014.12.22"]
[EventType "tourn (corr)"]
[EventRounds "6"]
[EventCountry "GER"]
[SourceTitle "Corr 2020"]
[Source "ChessBase"]
[SourceDate "2019.09.30"]
[SourceVersion "1"]
[SourceVersionDate "2019.09.30"]
[SourceQuality "1"]

1. e4 e5 2. Nf3 Nc6 3. Bb5 a6 4. Ba4 Nf6 5. 0-0 Be7 6. Re1 b5 7. Bb3 0-0 8. c3 d6 9. h3 Na5 10. Bc2 c5 11. d4 Qc7 12. d5 Nd7 13. b3 Nb6 14. Nbd2 c4 15. Ba3 g6 16. Bb4 cxb3 17. axb3 Nb7 18. Bd3 Nc5 19. Qe2 f5 20. Bxc5 Qxc5 21. Rec1 Bd7 22. c4 b4 23. Ra2 a5 24. Rca1 a4 25. bxa4 Bxa4 26. Qe1 f4 27. Qb1 Rfb8 28. Rb2 Nd7 29. Be2 Ra7 30. Rba2 Rba8 31. Ne1 Qb6 32. Nd3 Bh4 33. Rb2 b3 34. Nf3 1/2-1/2

[Event "GER MS-208 email"]
[Site "GER email"]
[Date "2014.12.10"]
[Round "?"]
[White "Tropf, Peter"]
[Black "Bekemann, Uwe"]
[Result "1/2-1/2"]
[WhiteElo "2019"]
[BlackElo "2038"]
[PlyCount "92"]
[EventDate "2014.12.22"]
[EventType "tourn (corr)"]
[EventRounds "6"]
[EventCountry "GER"]
[SourceTitle "Corr 2020"]
[Source "ChessBase"]
[SourceDate "2019.09.30"]
[SourceVersion "1"]
[SourceVersionDate "2019.09.30"]
[SourceQuality "1"]

1. e4 c5 2. Nf3 Nc6 3. d4 cxd4 4. Nxd4 Nf6 5. Nc3 e5 6. Ndb5 d6 7. Bg5 a6 8. Na3 b5 9. Bxf6 gxf6 10. Nd5 f5 11. Bd3 Be6 12. 0-0 Bxd5 13. exd5 Ne7 14. c3 Bg7 15. Nc2 0-0 16. a4 e4 17. Be2 bxa4 18. Rxa4 Qb6 19. Rb4 Qc7 20. Qd2 a5 21. Rb5 Rfb8 22. Nd4 Bxd4 23. Qxd4 Ng6 24. f3 a4 25. fxe4 fxe4 26. h3 Qe7 27. c4 Rc8 28. Bg4 Rc7 29. Rb4 e3 30. Re1 Qh4 31. Rxe3 h5 32. g3 Qg5 33. Bd1 Re7 34. Kf2 Rae8 35. Rxe7 Qxe7 36. Qd2 h4 37. c5 Qe5 38. Rg4 dxc5 39. Bxa4 hxg3+ 40. Kf3 Rd8 41. Qg5 Rxd5 42. Qxe5 Rxe5 43. Bc2 Kg7 44. Kxg3 Re3+ 45. Kh2 Re2+ 46. Rg2 Re5 1/2-1/2

[Event "GER T201-A06-S email"]
[Site "GER email"]
[Date "2014.09.17"]
[Round "?"]
[White "Denker, Hans Peter"]
[Black "Bekemann, Uwe"]
[Result "0-1"]
[WhiteElo "1316"]
[BlackElo "2038"]
[PlyCount "60"]
[EventDate "2014.09.26"]
[EventType "tourn (corr)"]
[EventRounds "6"]
[EventCountry "GER"]
[SourceTitle "Corr 2020"]
[Source "ChessBase"]
[SourceDate "2019.09.30"]
[SourceVersion "1"]
[SourceVersionDate "2019.09.30"]
[SourceQuality "1"]

1. Nf3 d5 2. e4 dxe4 3. Ng5 Bf5 4. Bc4 e6 5. d3 exd3 6. cxd3 Nc6 7. a3 a6 8. 0-0 Nf6 9. Re1 h6 10. Nf3 b5 11. Ba2 Qxd3 12. Nc3 Qxd1 13. Rxd1 Bd6 14. Be3 0-0 15. h3 Rfd8 16. Nd4 Nxd4 17. Bxd4 c5 18. Bxf6 gxf6 19. Bb1 Bxb1 20. Raxb1 Be5 21. Rxd8+ Rxd8 22. Ne4 c4 23. g3 f5 24. Nc5 Rd2 25. b4 Bd4 26. Rf1 a5 27. Nb7 a4 28. Nd6 c3 29. Nxb5 c2 30. Kg2 Rxf2+ 0-1

[Event "GER T201-A06-S email"]
[Site "GER email"]
[Date "2014.09.17"]
[Round "?"]
[White "Herbold, Manfred"]
[Black "Bekemann, Uwe"]
[Result "0-1"]
[WhiteElo "2141"]
[BlackElo "2038"]
[PlyCount "54"]
[EventDate "2014.09.26"]
[EventType "tourn (corr)"]
[EventRounds "6"]
[EventCountry "GER"]
[SourceTitle "Corr 2020"]
[Source "ChessBase"]
[SourceDate "2019.09.30"]
[SourceVersion "1"]
[SourceVersionDate "2019.09.30"]
[SourceQuality "1"]

1. Nf3 d5 2. e4 dxe4 3. Ng5 e5 4. Nxe4 f5 5. Nec3 Be6 6. b3 Nc6 7. Bb5 Qd7 8. 0-0 0-0-0 9. d3 a6 10. a4 axb5 11. axb5 Nb8 12. Ra8 Nf6 13. Be3 b6 14. Ra7 Bd5 15. Nxd5 Nxd5 16. Bd2 Nf6 17. Nc3 e4 18. Qa1 Bd6 19. Ra8 Qe6 20. Re1 Rhe8 21. Qa7 Kd7 22. dxe4 Qe5 23. g3 f4 24. Na4 fxg3 25. hxg3 Qh5 26. Kg2 Ke6 27. Nxb6 Bxg3 0-1

[Event "GER K-Kmiecik-GT2 email"]
[Site "GER email"]
[Date "2013.02.25"]
[Round "?"]
[White "Schwenk, Heinrich"]
[Black "Bekemann, Uwe"]
[Result "1/2-1/2"]
[WhiteElo "1876"]
[BlackElo "2042"]
[PlyCount "47"]
[EventDate "2013.03.01"]
[EventType "tourn (corr)"]
[EventRounds "4"]
[EventCountry "GER"]
[SourceTitle "Corr 2015"]
[Source "ChessBase"]
[SourceDate "2015.07.17"]
[SourceVersion "1"]
[SourceVersionDate "2015.07.17"]
[SourceQuality "1"]

1. d4 Nf6 2. c4 g6 3. Nc3 d5 4. Nf3 Bg7 5. Qb3 dxc4 6. Qxc4 0-0 7. e4 a6 8. e5 b5 9. Qb3 Nfd7 10. Be3 c5 11. e6 cxd4 12. exf7+ Rxf7 13. Nxd4 Nc5 14. Qd5 Qxd5 15. Nxd5 Nbd7 16. Rd1 Bb7 17. Nc7 Rc8 18. Nde6 Bxb2 19. Bxc5 Nxc5 20. Nxc5 Rf5 21. N7xa6 Bxa6 22. Nxa6 Bc3+ 23. Ke2 Rf6 24. f4 1/2-1/2

[Event "GER K-Kmiecik-GT2 email"]
[Site "GER email"]
[Date "2013.02.25"]
[Round "?"]
[White "Uecker, Dieter"]
[Black "Bekemann, Uwe"]
[Result "1/2-1/2"]
[WhiteElo "2063"]
[BlackElo "2042"]
[PlyCount "58"]
[EventDate "2013.03.01"]
[EventType "tourn (corr)"]
[EventRounds "4"]
[EventCountry "GER"]
[SourceTitle "Corr 2015"]
[Source "ChessBase"]
[SourceDate "2015.07.17"]
[SourceVersion "1"]
[SourceVersionDate "2015.07.17"]
[SourceQuality "1"]

1. g3 d5 2. Bg2 e5 3. d3 Nf6 4. Nf3 Bd6 5. 0-0 0-0 6. Nbd2 c6 7. e4 Re8 8. Re1 Nbd7 9. c3 h6 10. Qc2 a5 11. b3 Qc7 12. a4 Nf8 13. d4 exd4 14. Nxd4 Bg4 15. Bb2 Nxe4 16. Nxe4 dxe4 17. Bxe4 Bc5 18. Kg2 Qd7 19. Bf5 Qd5+ 20. f3 Bxd4 21. Bxg4 Qc5 22. Rac1 Bf6 23. Bf5 Rxe1 24. Rxe1 Rd8 25. Re2 g6 26. Be4 h5 27. h4 Bg7 28. f4 Re8 29. Qd3 Re6 1/2-1/2